| 000 | 00766nas a2200277 4500 | ||
|---|---|---|---|
| 001 | BR2013003372 | ||
| 003 | BR-BrBNA | ||
| 005 | 20231205122240.0 | ||
| 007 | ta | ||
| 008 | 230509b bl.|||p| |||| 00| 00por d | ||
| 040 |
_aBR-BrBNA _bpor _cBiblioteca Nacional de Agricultura |
||
| 072 | _aH20 | ||
| 100 | 1 | _aReis, A. | |
| 245 | 1 | _aPodridão branca do alho e da cebola | |
| 650 | _aALHO | ||
| 650 | _aALLIUM SATIVUM | ||
| 650 | _aCEBOLA | ||
| 650 | _aALLIUM CEPA | ||
| 650 | _aSINTOMA | ||
| 650 | _aDOENÇA DE PLANTA | ||
| 650 | _aSCLEROTIUM CEPIVORUM | ||
| 650 | _aCONTROLE QUÍMICO | ||
| 773 | 0 |
_tNosso Alho (Brazil) _xISSN 2177-2959 _g(Jul 2011), (no. 11) p. 46-50 _wBR2013003372 |
|
| 909 |
_a202311 _bLúcia _c55 _dLúcia Elande |
||
| 942 |
_2AGRIS _n0 _cANA |
||
| 999 |
_c227682 _d227682 |
||